đź“–đź’¬ Paroles "Le Loup et le Chien" La Fontaine - Statistiques

Statistiques générales
  • Ce quiz a Ă©tĂ© pris 114 fois
  • Le rĂ©sultat moyen est 196 sur 302
Statistiques - réponses
Mots % Correct
Chien.
100%
Chien,
100%
Chien
100%
L'
100%
l'
100%
loup
100%
Loup
100%
Loup,
100%
t-
100%
A
98%
Ă 
98%
D'
98%
d'
98%
et
98%
Et
98%
le
98%
Le
98%
n'
98%
qu'
98%
Qu'
98%
s'
98%
la
95%
lĂ ,
95%
que
95%
Que
95%
Un
95%
un
95%
Ce
93%
ce
93%
il
93%
Il
93%
il ?
93%
ne
93%
qui
93%
Qui
93%
avait
90%
de
90%
De
90%
en
90%
est
90%
est-
90%
les
90%
Mais
90%
mais
90%
se
90%
dit
88%
dit-
88%
dit,
88%
me
85%
peau,
85%
os
83%
Os
83%
OĂą
83%
je
80%
Je
80%
pas
80%
Pas
80%
si
80%
par
78%
du
76%
quoi ?
76%
quoi
76%
Quoi
76%
Sur
76%
vous,
76%
vous
76%
lui
73%
son
73%
une
73%
fait
71%
tous
71%
bien :
68%
bien
68%
bien,
68%
donc
68%
était
68%
ĂŞtre
68%
Maître
68%
moi,
68%
moi ;
68%
Peu
68%
Tout
68%
aussi
66%
Car
66%
faire ?
66%
Rien
63%
rien,
63%
Rien.
63%
rien ?
63%
y
63%
faim.
61%
chose.
59%
Vos
59%
vos
59%
aux
56%
beau ;
56%
beau
56%
col
56%
encore ?
56%
encore.
56%
Gras,
56%
gras
56%
suis
56%
Sans
54%
votre
54%
bonne
51%
Dont
51%
dont
51%
mĂŞme
51%
peut-
51%
chasse
49%
Chiens
49%
collier
49%
enfuit,
49%
Tant
49%
Entre
46%
Mâtin
46%
point
46%
toutes
46%
bois,
44%
court
44%
faudra-
44%
Sire
44%
sont
44%
vit
44%
Cela
41%
eût
41%
mourir
41%
Presque
41%
tiendra
41%
toujours,
41%
veux
41%
donner
39%
voulez ?
39%
défendre
37%
Dogue
37%
faisaient
37%
fallait
37%
force
37%
garde.
37%
importe ?
37%
importe
37%
poulet,
37%
taille
37%
caresse.
34%
gens
34%
mettre
34%
attaché
32%
Attaché ?
32%
Chemin
32%
courez
32%
faisant
32%
mégarde.
32%
pauvres
32%
pelé.
32%
poli,
32%
prix
32%
puissant
32%
rencontre
32%
repas
32%
voyez
32%
aborde
29%
attaquer,
29%
bataille ;
29%
cause.
29%
façons ;
29%
hardiment.
29%
livrer
29%
volontiers.
29%
voudrais
29%
admire :
27%
aurez
27%
Cancres,
27%
compliment
27%
destin.
27%
diables,
27%
fourvoyé
27%
humblement,
27%
meilleur
27%
pigeons :
27%
propos,
27%
quartiers,
27%
Quittez
27%
Sera
27%
trésor.
27%
ceux
24%
embonpoint
24%
logis ;
24%
mainte
24%
mendiants ;
24%
misérables,
24%
pareils
24%
reprit :
24%
assuré ;
22%
aucune
22%
bâtons,
22%
condition
22%
déjà
22%
félicité
22%
ferez
22%
forge
22%
hères,
22%
parler
22%
pleurer
22%
repartit
22%
sorte ;
22%
Suivez-
22%
tendresse.
22%
complaire ;
20%
Flatter
20%
franche
20%
lippée ;
20%
Portant
20%
salaire
20%
épée.
17%
Moyennant
17%
pointe
17%
reliefs
17%
Aucun quiz correspondant
Distribution des résultats
% des personnes avec chaque résultat
Percentile par nombre de réponses
Votre historique - résultats
Vous n’avez pas pris ce quiz